Les Tueurs dans Dead by Daylight - Statistiques

Statistiques générales
  • Ce quiz a été pris 91 fois
    23 depuis la dernière actualisation
  • Le résultat moyen est 38 sur 78
Statistiques - réponses
Indice Tueur % Correct
Elle lance des haches La Chasseuse / Anna
100%
Le premier tueur issu d'une licence extérieure au jeu La Silhouette / Michael Myers
93%
Tueur furtif dont le masque est issu d'une célèbre franchise de films d'horreurs Le Ghostface / Danny Johnson
93%
Un monstre issu de Raccoon City Le Némésis / Nemesis Type-T
93%
Il fait partie des premiers tueurs Le Piégeur / Evan McMillan
93%
Un chanteur de K-Pop Le Farceur / Hak Ji-Woon
87%
Elle a été le tout premier personnage de DLC L'Infirmière / Sally Smithson
87%
L'ancêtre lointaine d'une autre tueuse L'Oni / Kazan Yamaoka
87%
Elle pose des pièges qui lui permettent de se téléporter La Harpie / Lisa Sherwood
80%
Ils sont plusieurs La Légion / Frank Morrison, Julie Kostenko, Joey Cadogan et Susie Lavoie
80%
Un méchant légendaire de Donjons & Dragons La Liche / Vecna
80%
Il fait un massacre à la tronçonneuse Le Cannibale / Bubba "Leatherface" Sawyer
80%
Un monstre sado-masochiste Le Cénobite / Elliott "Pinhead" Spencer
80%
Coulrophobie Le Clown / Kenneth Chase, alias Jeffrey Hawk
80%
Son mode d'action : vomir sur les survivants L'Épidémie / Adiris
80%
Ses ennemis lui ont attribué le même surnom qu'un autre des tueurs Le Premier / Henry "Vecna" Creel
80%
Ils sont français Les Jumeaux / Charlotte et Victor Deshayes
80%
Il fait partie des premiers tueurs Le Spectre / Philip Ojomo
80%
Sa tête a une forme géométrique Le Bourreau / Pyramid Head
73%
Une poupée meurtrière Le Brave Gars / Charles "Chucky" Lee Ray
73%
Les griffes de la nuit Le Cauchemar / Freddy Krueger
73%
Sa spécialité : les pièges à ours inversés Le Cochon / Amanda Young
73%
Une créature d'un monde à l'envers Le Démogorgon
73%
Il peut rendre les survivants fous Le Docteur / Herman Carter
73%
Le plus rapide des tueurs Le Fléau / Talbot Grimes
73%
Un grand méchant de Raccoon City Le Mastermind / Albert Wesker
73%
Un vampire de fiction Le Seigneur des Ténèbres / Dracula
73%
Son histoire est une tragédie, mais elle n'en est pas moins redoutable L'Esprit / Rin Yamaoka
73%
Le plus redoutable des extraterrestres de fiction Le Xénomorphe / Alien
73%
Elle n'aime que les chiens La Maîtresse des Molosses / Portia Maye
67%
La maîtresse des drones La Marchande de Crânes / Adriana Imai
67%
Elle invoque des corbeaux pour traquer les survivants L'Artiste / Carmina Mora
67%
Intelligence artificielle La Singularité / HUX-A7-13
67%
Créature informe qui se téléporte de casier en casier Le Dragage
67%
Un tueur issu de l'époque des westerns Le Lance-Mort / Caleb Quinn
67%
Il fait partie des premiers tueurs Le Montagnard / Max Thompson, Jr.
67%
Il pourchasse tous ceux qui connaissent son existence L'Inconnu
67%
Il mange de la chair humaine La Goule / Ken Kaneki
60%
Elle peut séparer sa tête de son corps La Krasue / Burong Sukapat
60%
Ne regardez pas trop votre télévision L'Onryō / Sadako Yamamura
60%
Il passe cinq nuit chez Freddy L'Animatronique / William "Springtrap" Afton
53%
Bien loin de l'idée noble que l'on se fait de son archétype de personnage Le Chevalier / Tarhos Kovács
47%
BONUS : costume du précédent tueur, issu de la licence Attack on Titan Le Titan Assaillant
47%
BONUS : costume du précédent tueur, issu de la licence Attack on Titan Le Titan Cuirassé
47%
BONUS : costume de la précédente tueuse, issu de la licence Attack on Titan Le Titan Marteau d'Armes
47%
BONUS : costume du précédent tueur, issu de la même licence La Reine Xénomorphe
40%
BONUS : costume du précédent tueur, sa version féminine IA L'Autre Moi / MiNA
33%
BONUS : costume du précédent tueur, issu de la licence Naughty Bear Naughty Bear
33%
BONUS : costume de la précédente tueuse, issu du folklore slave Baba Yaga
27%
BONUS : costume de la précédente tueuse, un monstre-garou L'Élan Garou
27%
BONUS : costume du précédent tueur, issu de la mythologie grecque Le Minotaure
27%
BONUS : costume de la précédente tueuse, issu de la licence Junji Ito Tomié Kawakami
27%
BONUS : costume du précédent tueur, issu de la licence Resident Evil William Birkin
27%
BONUS : costume du précédent tueur, issu de la licence Resident Evil HUNK
20%
BONUS : costume de la précédente tueuse, issu de la licence Darkest Dungeon Le Fossoyeur
13%
BONUS : costume du précédent tueur, issu de la licence Nyaight of the Living Cat Le Grizzly Meurtrier
13%
BONUS : costume du précédent tueur, issu du folklore d'Europe centrale et de l'est Le Krampus
13%
BONUS : costume de la précédente tueuse, issu de la licence Crypt TV Le Mordeo
13%
BONUS : costume du précédent tueur, issu de la mythologie grecque Le Passeur des Enfers
13%
BONUS : costume de la précédente tueuse, issu de la licence Junji Ito Miss Fuchi
13%
BONUS : costume du précédent tueur, issu de la même licence Rize Kamishiro
13%
BONUS : costume du précédent tueur, issu de la licence Junji Ito Soïchi Tsujii
13%
BONUS : costume du précédent tueur, issu de la licence Junji Ito Kinako et Misako Hikizuri
7%
BONUS : costume du précédent tueur, issu de la même licence La Fiancée de Chucky / Tiffany Valentine
7%
BONUS : costume de la précédente tueuse, issu de la licence Boulet Brother's Dragula La Guerrière de l'hiver / Asia Consent
7%
BONUS : costume du précédent tueur, issu de la même licence L'Anomalie / Glitchtrap
7%
BONUS : costume de la précédente tueuse, issu de la licence Crypt TV La Sorcière des Bois
7%
BONUS : costume du précédent tueur, issu de la même licence Le Bavard / Jim
7%
BONUS : costume du précédent tueur, issu de la même licence Le Clone Xénomorphe
7%
BONUS : costume du précédent tueur, issu de la licence Crypt TV Le Coup d'Œil
7%
BONUS : costume du précédent tueur, issu du folklore viking Le Draugr
7%
BONUS : costume de la précédente tueuse, issu d'Alice au Pays des Merveilles Le Jabberwock
7%
BONUS : costume du précédent tueur, issu de la même licence Le Lapin Jaune
7%
BONUS : costume de la précédente tueuse, issu de la licence The Witcher Le Leshen
7%
BONUS : costume du précédent tueur, issu de la licence The Witcher L'Épervier / Eredin Bréacc Glas
7%
BONUS : costume de la précédente tueuse, issu de la licence Boulet Brother's Dragula Les Frères Boulet / Dracmorda et Swanthula Boulet
7%
BONUS : costume du précédent tueur, issu de la même licence Le Xénomorphe Scarifié
7%
BONUS : costume du précédent tueur, issu de la licence Darkest Dungeon Le Prophète
0%
Aucun quiz correspondant
Distribution des résultats
% des personnes avec chaque résultat
Percentile par nombre de réponses
Votre historique - résultats
Vous n’avez pas pris ce quiz depuis la dernière actualisation